[Event "DEM U12/U12w 2004"]
[Site "Willingen GER"]
[Date "2004.06.01"]
[Round "5"]
[White "Rau, Carla"]
[Black "Hoffmann, Cara"]
[Result "0-1"]
[Termination "normal"]
[Board "50"]
[WhiteElo "929"]
[BlackElo "922"]
[PlyCount "96"]
[EventCountry "GER"]
[EventRounds "11"]
[EventType "swiss"]
[EventDate "2004.05.29"]

1. e4 c5 2. Nf3 d6 3. d4 cxd4 4. Qxd4 Nc6 5. Qd2 Nf6 6. Nc3 g6 7. Bb5 Bd7 8.
O-O Bg7 9. Re1 O-O 10. b3 a6 11. Bc4 b5 12. Bd3 Bg4 13. Re3 Bh6 14. h3 Bxf3 15.
gxf3 Bxe3 16. Qxe3 Nb4 17. Qh6 Nxd3 18. cxd3 Qa5 19. Bb2 Rfc8 20. Nd5 Qd8 21.
e5 dxe5 22. Nxf6+ exf6 23. Qe3 Rab8 24. f4 exf4 25. Qxf4 Rb6 26. Re1 Qd6 27.
Qf3 Kf8 28. Qe3 a5 29. a4 bxa4 30. Ba3 Rb4 31. bxa4 Qd7 32. Bxb4+ axb4 33. Ra1
Qe8 34. Qd4 Qe7 35. Qb6 Rc3 36. d4 Rxh3 37. Kg2 Qd7 38. Qxb4+ Kg7 39. f3 Qf5
40. Ra3 g5 41. a5 h5 42. a6 g4 43. Qb7 gxf3+ 44. Rxf3 Qg4+ 45. Kf2 Qxd4+ 46.
Ke2 Qc4+ 47. Kf2 Rh2+ 48. Kg3 Qh4# 0-1

[Event "DEM U12/U12w 2004"]
[Site "Willingen GER"]
[Date "2004.06.01"]
[Round "5"]
[White "Kroner, Sarah"]
[Black "Thiele, Eileen"]
[Result "0-1"]
[Termination "normal"]
[Board "51"]
[WhiteElo "889"]
[BlackElo "894"]
[PlyCount "108"]
[EventCountry "GER"]
[EventRounds "11"]
[EventType "swiss"]
[EventDate "2004.05.29"]

1. e4 e5 2. Nf3 Nc6 3. Bc4 Bc5 4. c3 Nf6 5. d4 exd4 6. cxd4 Bb4+ 7. Bd2 Nxe4 8.
Bxb4 Nxb4 9. Qb3 Qe7 10. Ne5 Nd6 11. Qxb4 f6 12. Qc5 c6 13. O-O b6 14. Qa3 fxe5
15. Be2 exd4 16. Qd3 O-O 17. Bd1 Nf5 18. Bc2 Qg5 19. Re1 Bb7 20. g3 c5 21. Re5
Qc1+ 22. Qd1 Qxd1+ 23. Bxd1 d6 24. Bb3+ Kh8 25. Re6 Rae8 26. Rxe8 Rxe8 27. Nd2
b5 28. Bf7 Re7 29. Bh5 g6 30. g4 gxh5 31. gxf5 Rg7+ 32. Kf1 Bg2+ 33. Ke1 Re7+
34. Kd1 c4 35. Kc1 Re1+ 36. Kc2 Rxa1 37. b3 d3+ 38. Kb2 Rd1 39. f6 Rxd2+ 40.
Kb1 Rxf2 41. bxc4 bxc4 42. a4 d2 43. Kc2 Be4+ 44. Kd1 Rf1+ 45. Kxd2 Rxf6 46. a5
Rf3 47. a6 c3+ 48. Kd1 Rf2 49. h3 c2+ 50. Kc1 Rf1+ 51. Kd2 c1=Q+ 52. Ke2 Qc4+
53. Kd2 Rf2+ 54. Ke1 Qe2# 0-1